| 000 | 00801nam a2200193 a 4500 | ||
|---|---|---|---|
| 005 | 20140412111421.0 | ||
| 008 | 080105s19uu xx 00 eng d | ||
| 020 | _a0-439-41659-0 | ||
| 050 |
_aTR(PS E _bTh41 2007 |
||
| 100 | _aGeist, Ken | ||
| 245 |
_aThe three little fish and the big bad shark / _cKen Geist. |
||
| 250 | _a1st ed. | ||
| 260 |
_aNew York : _bCartwhell books, _c2007. |
||
| 300 | _aunpaged | ||
| 520 | _aIn this spoof of the three little fish, Mama tells her three little fish that it's time to seek their fortunes. Jim builds a houseof seaweed and tim builds a house of sand, but it's up to kim to find the house that will stop the big bad shark's munching and crunching. | ||
| 650 |
_aFishes _xJuvenile literature |
||
| 650 |
_aSharks _xJuvenile literature |
||
| 999 |
_c106030 _d106030 |
||